01490nam a2200373Ia 4500001001200000003000800012006001900020007001500039008004100054010001700095020003900112020003100151040002100182035002100203050002800224082001900252100002600271245012300297260005900420300001800479504005100497533015200548650003300700650002100733650003600754650003500790650003400825651003700859651003100896655002900927710001700956856012600973999001701099ebr10689948CaPaEBRm u cr cn|||||||||121025s2013 nmu sb 001 0 eng d z 2012041906 z9780826353078 (cloth : alk. paper) z9780826353085 (electronic) aCaPaEBRcCaPaEBR a(OCoLC)84226226214aF3429.3.R58bB46 2013eb04a299.8/83232231 aBesom, Thomas,d1960-10aInka human sacrifice and mountain worshiph[electronic resource] :bstrategies for empire unification /cThomas Besom. aAlbuquerque :bUniversity of New Mexico Press,cc2013. axviii, 309 p. aIncludes bibliographical references and index. aElectronic reproduction.bPalo Alto, Calif. :cebrary,d2013.nAvailable via World Wide Web.nAccess may be limited to ebrary affiliated libraries. 0aIncasxRites and ceremonies. 0aIncasxReligion. 0aIncasxPolitics and government. 0aHuman sacrificezAndes Region. 0aMountainsxReligious aspects. 0aAndes RegionxReligious aspects. 0aAndes RegionxAntiquities. 7aElectronic books.2local2 aebrary, Inc.40uhttp://site.ebrary.com/lib/rucke/Doc?id=10689948zAn electronic book accessible through the World Wide Web; click to view c11057d11057